Представление документа в формате MARC21

Поле Инд. ПП Название Значение
Тип записи a
Библиографический уровень b
001 Контрольный номер RU/IS/BASE/187797915
005 Дата корректировки 20201225172828.8
008 Кодируемые данные 20051213
084 a Индекс другой классификации/Индекс ББК 88.921; 88.923
100 1_ a Автор Шик С. В.
q Полное имя Шик Сергей Владимирович
245 10 a Заглавие Организация семинара-тренинга для родителей с целью актуализации проблемы самопонимания и формирования опыта понимающего общения
504 a Библиография Лит. в конце статьи
650 04 a Основная рубрика практическая психология (прикладная психология)
a Основная рубрика психология
a Основная рубрика психологическое консультирование
653 0_ a Ключевые слова групповое консультирование
a Ключевые слова консультативная психология
a Ключевые слова коррекционно-реабилитационная работа
a Ключевые слова педагогическая психология взрослых
a Ключевые слова понимающее общение
a Ключевые слова психологический тренинг
a Ключевые слова психосоциальная работа
a Ключевые слова работа с родителями
a Ключевые слова самопонимание
a Ключевые слова семейное консультирование
a Ключевые слова семинар-тренинг
773 18 t Заглавие источника Вестник психосоциальной и коррекционно-реабилитационной работы
d Дата издания источника 2005
g Прочая информация № 4. - С. 41 - 51
w Контрольный № источника RU/IS/BASE/187364321
901 t Тип документа b